000 00576nam a2200205Ia 4500
003 GCL
008 140319s9999 xx 000 0 ara d
040 _aGCL /
_cGCL
082 0 4 _a230
_bف و
100 1 _aسمير محمد علوان
245 1 0 _aوصايا الرسول /
_cسمير محمد علوان
700 1 _aفؤاد شاكر
260 _a[S.N] :
_bمكتبة التراث الاسلامى ،
_c1991
300 _a120 ص
490 _a
650 0 4 _aالحديث
650 0 4 _aالترجمات
650 0 4 _aالسنة النبوية
942 _2ddc
_cBK
999 _c53261
_d53261